<?xml version="1.0" encoding="UTF-8"?>
<record
    xmlns:xsi="http://www.w3.org/2001/XMLSchema-instance"
    xsi:schemaLocation="http://www.loc.gov/MARC21/slim http://www.loc.gov/standards/marcxml/schema/MARC21slim.xsd"
    xmlns="http://www.loc.gov/MARC21/slim">

  <leader>01595nam a2200241 a 4500</leader>
  <controlfield tag="001">000047501</controlfield>
  <controlfield tag="003">DO-SdBNP</controlfield>
  <controlfield tag="005">20240925135836.0</controlfield>
  <controlfield tag="007">ta</controlfield>
  <controlfield tag="008">180608s1984    dr            000   spa d</controlfield>
  <datafield tag="020" ind1=" " ind2=" ">
    <subfield code="a">9681678327</subfield>
  </datafield>
  <datafield tag="040" ind1=" " ind2=" ">
    <subfield code="a">DO-SdBNP</subfield>
    <subfield code="b">spa</subfield>
    <subfield code="c">BNPHU</subfield>
  </datafield>
  <datafield tag="082" ind1=" " ind2="4">
    <subfield code="2">22</subfield>
    <subfield code="b">G557c</subfield>
    <subfield code="a">972.93054</subfield>
  </datafield>
  <datafield tag="100" ind1="1" ind2=" ">
    <subfield code="a">Gleijeses, Piero</subfield>
    <subfield code="9">64160</subfield>
  </datafield>
  <datafield tag="245" ind1="1" ind2="3">
    <subfield code="a">La crisis Dominicana. /</subfield>
    <subfield code="c">Piero Gleijeses.</subfield>
  </datafield>
  <datafield tag="260" ind1=" " ind2=" ">
    <subfield code="a">M&#xE9;xico, D.F. :</subfield>
    <subfield code="b">Fondo de Cultura Econ&#xF3;mica,</subfield>
    <subfield code="c">1984.</subfield>
  </datafield>
  <datafield tag="300" ind1=" " ind2=" ">
    <subfield code="a">470 p. ;</subfield>
    <subfield code="c">24 cm.</subfield>
  </datafield>
  <datafield tag="500" ind1=" " ind2=" ">
    <subfield code="a">La biblioteca posee la 1ra. reimprsi&#xF3;n de 1985</subfield>
  </datafield>
  <datafield tag="505" ind1=" " ind2=" ">
    <subfield code="a">Bosquejo de la historia dominicana desde el Descubrimiento hasta la muerte de Trujillo (30-V-1961) 15|Nicaraguizaci&#xF3;n o democratizaci&#xF3;n? desde la muerte de Trujillo (30-V-1961) hasta el establecimiento del segundo Consejo de Estado (18-I-1962) 44|El gobierno provisional del Consejo de Estado (18-I-1962 / 25-IX-1963) y el gobierno Constitucional de Juan Bosch 77|El Triunvirato (25-IX-1963 / 24-IV-1965) 118|El contragolpe (24-IV-1965, de mediod&#xED;a a medianoche) 168|Del contragolpe a la guerra civil (25-IV-1965, desde medianoche a las cuatro de la tarde) 184|El balance de fuerzas al comienzo de la guerra civil (La noche del 25 de abril) 203|La guerra civil (hasta el amanecer del 27 de abril) 226|Fracasa la jugada de San Isidro (Del amanecer del 27 de abril a la tarde del 28 de abril) 243|El triunfo del poder (La soluci&#xF3;n de la crisis. Su secuela inmediata: el Gobierno provisional de Garc&#xED;a Godoy) 261|La Pax Americana 261</subfield>
  </datafield>
  <datafield tag="590" ind1=" " ind2=" ">
    <subfield code="a">Inventariado, 2022/BT</subfield>
  </datafield>
  <datafield tag="910" ind1=" " ind2=" ">
    <subfield code="a">DG</subfield>
  </datafield>
  <datafield tag="942" ind1=" " ind2=" ">
    <subfield code="2">ddc</subfield>
    <subfield code="c">LBS1</subfield>
  </datafield>
  <datafield tag="952" ind1=" " ind2=" ">
    <subfield code="0">0</subfield>
    <subfield code="1">0</subfield>
    <subfield code="2">ddc</subfield>
    <subfield code="5">1</subfield>
    <subfield code="7">0</subfield>
    <subfield code="8">PD</subfield>
    <subfield code="a">BNPHU</subfield>
    <subfield code="b">BNPHU</subfield>
    <subfield code="c">HD</subfield>
    <subfield code="d">2018-06-08</subfield>
    <subfield code="o"> </subfield>
    <subfield code="p">47501-10</subfield>
    <subfield code="r">2020-06-25</subfield>
    <subfield code="w">2020-06-25</subfield>
    <subfield code="y">LBS1</subfield>
  </datafield>
  <datafield tag="952" ind1=" " ind2=" ">
    <subfield code="0">0</subfield>
    <subfield code="1">0</subfield>
    <subfield code="2">ddc</subfield>
    <subfield code="5">1</subfield>
    <subfield code="7">0</subfield>
    <subfield code="8">PD</subfield>
    <subfield code="a">BNPHU</subfield>
    <subfield code="b">BNPHU</subfield>
    <subfield code="c">CT</subfield>
    <subfield code="d">2022-06-21</subfield>
    <subfield code="e">Donaci&#xF3;n</subfield>
    <subfield code="l">0</subfield>
    <subfield code="p">2022-3094</subfield>
    <subfield code="r">2022-06-21</subfield>
    <subfield code="t">e.2</subfield>
    <subfield code="w">2022-06-21</subfield>
    <subfield code="y">LBS1</subfield>
  </datafield>
  <datafield tag="952" ind1=" " ind2=" ">
    <subfield code="0">0</subfield>
    <subfield code="1">0</subfield>
    <subfield code="2">ddc</subfield>
    <subfield code="5">6</subfield>
    <subfield code="7">0</subfield>
    <subfield code="8">DS</subfield>
    <subfield code="a">BNPHU</subfield>
    <subfield code="b">BNPHU</subfield>
    <subfield code="c">CT</subfield>
    <subfield code="d">2023-01-13</subfield>
    <subfield code="o">BNPHU DS 972.93054 G557c</subfield>
    <subfield code="p">2023-0115</subfield>
    <subfield code="r">2023-01-13</subfield>
    <subfield code="t">e.3</subfield>
    <subfield code="w">2023-01-13</subfield>
    <subfield code="y">LBS1</subfield>
  </datafield>
  <datafield tag="999" ind1=" " ind2=" ">
    <subfield code="c">46989</subfield>
    <subfield code="d">46989</subfield>
  </datafield>
</record>
